000 00622nam a2200205Ia 4500
005 20250508164732.0
008 008 250505s9999 xx 000 0 eng d
020 _a978-1-8478-7369-9
037 _aReference
040 _aFEDL
_beng
_cFEDL
041 _aeng
_2eng
084 _a370, ZAJ/RR
_qFEDL
100 _aZajda Joseph and others
_9339173
245 0 _aComparative and global pedagogies : Equity, access and democracy in education
260 _aHeidelberg, Germany
_bSpringer
_c2008
300 _axxiv,232p.
365 _aEURO
_b84.95
942 _cREF
_h370, ZAJ/RR
999 _c1390826
_d1390826